Arbeitsmarkt und bildungspolitik

Salvato in:
Dettagli Bibliografici
Autore principale: Schmidt, Klaus-Dieter
Natura: Libro
Lingua:tedesco
Pubblicazione: Tübingen Mohr 1984
Serie:Kieler Studien 187
Tags: Aggiungi Tag
Nessun Tag, puoi essere il primo ad aggiungerne!!

MARC

LEADER 00000nam a2200000 4500
001 c114138
005 20181203150325.7
041 0 |a ger 
044 |a DE 
245 1 0 |a Arbeitsmarkt und bildungspolitik  |c Klaus-Dieter Schmidt 
264 1 |a Tübingen  |b Mohr  |c 1984 
300 |a 149 s. 
490 1 |a Kieler Studien  |v 187 
830 0 |a Kieler Studien  |v 187 
100 1 |a Schmidt, Klaus-Dieter